| Tag |
First Indicator |
Second Indicator |
Subfields |
| LEADER |
00000cam a2200000 a 4500 |
| 001 |
in00000091316 |
| 005 |
20150923131632.0 |
| 008 |
810225s1970 flua 00010 eng d |
| 035 |
|
|
|a (OCoLC)07154731
|
| 035 |
|
|
|9 AAK6908AM
|
| 040 |
|
|
|a FQG
|c FQG
|d TXA
|d UtOrBLW
|
| 043 |
|
|
|a n-us-fl
|
| 049 |
|
|
|a TXAM
|c [1655676]
|
| 090 |
|
|
|a F316.2
|b F56 1970
|
| 245 |
0 |
0 |
|a Florida today! /
|c compiled by Janet Lewis.
|
| 250 |
|
|
|a 1st ed.
|
| 264 |
|
1 |
|a St. Petersburg, Fla. :
|b Great Outdoors Pub. Co.,
|c 1970.
|
| 300 |
|
|
|a 64 pages :
|b illustrations ;
|c 22 cm.
|
| 336 |
|
|
|a text
|b txt
|2 rdacontent
|
| 337 |
|
|
|a unmediated
|b n
|2 rdamedia
|
| 338 |
|
|
|a volume
|b nc
|2 rdacarrier
|
| 651 |
|
0 |
|a Florida
|x Description and travel.
|
| 700 |
1 |
|
|a Lewis, Janet E.
|
| 730 |
0 |
|
|a Florida Facets.
|
| 999 |
|
|
|a MARS
|
| 999 |
f |
f |
|s c34e54f0-356a-3aa9-88bf-6c6de1225dae
|i 676400d4-f987-3e31-8a94-44f1f0984894
|t 0
|
| 952 |
f |
f |
|p ric
|a Texas A&M University
|b Rellis Campus
|c Joint Library Facility
|d Remote Storage
|t 0
|e F316.2 .F56 1970
|h Library of Congress classification
|i unmediated -- volume
|m A14806018642
|
| 998 |
f |
f |
|a F316.2 .F56 1970
|t 0
|l Remote Storage
|